Zikr-e-Milad (Record no. 21099)
[ view plain ]
| 000 -LEADER | |
|---|---|
| fixed length control field | 00273nam a22001337a 4500 |
| 082 ## - DEWEY DECIMAL CLASSIFICATION NUMBER | |
| Classification number | 297.63 |
| Author Cutter | ABD |
| 100 ## - MAIN ENTRY--AUTHOR NAME | |
| Author name | Abdul Aziz, Mohammed |
| 245 ## - TITLE STATEMENT | |
| Title | Zikr-e-Milad |
| 300 ## - PHYSICAL DESCRIPTION | |
| Number of Pages | 104 |
| 505 ## - FORMATTED CONTENTS NOTE | |
| Formatted contents note | Akhlaq -e-Sikandari |
| 650 ## - SUBJECT ADDED ENTRY--TOPICAL TERM | |
| Topical Term | Islam-Milad |
| 942 ## - ADDED ENTRY ELEMENTS (KOHA) | |
| Koha item type | Books |
| Home library | Current library | Shelving location | Date acquired | Full call number | Accession Number | Koha item type |
|---|---|---|---|---|---|---|
| Henry Martyn Institute Library | Henry Martyn Institute Library | General stacks | 06/06/2018 | 297.63 ABD | 7399 | Books |
